| 000 | 00650nam a2200157 i 4500 | ||
|---|---|---|---|
| 001 | 86500 | ||
| 003 | ES-MaACL | ||
| 007 | t| | ||
| 008 | 041213s1942 sp ||||1| spa d | ||
| 100 | 1 |
_aKitt, Theodor. _968164 |
|
| 245 | 1 | 0 |
_aPatología general veterinaria / _cTheodor Kitt ; traducción de la sexta edición alemana revisada y ampliada por el autor expresamente para esta edición española ; versión española por Julio G. Sánchez Lucas. |
| 260 |
_aBarcelona : _bLabor, _c1942 ( _fTalls. Gráfs. Iberoamericanos) |
||
| 300 |
_aXVI, 629 p., 4 lám. ; _c25 cm. |
||
| 700 | 1 |
_aSánchez-Lucas, Julio G. _9102737 |
|
| 852 |
_aES-MaACL _jE-829 _bR.19772 |
||
| 999 |
_c86500 _d86500 |
||